000 00843nas a2200277 4500
001 BR2014000377
003 BR-BrBNA
005 20231205123608.0
007 ta
008 230509b bl.|||p| |||| 00| 00por d
040 _aBR-BrBNA
_bpor
_cBiblioteca Nacional de Agricultura
041 _a(Pt)
072 _aM12
100 1 _aNunes, M.
100 1 _aVieira, A.A.H.
100 1 _aPinto, E.
100 1 _aCarneiro, R.L.
100 1 _aMonteiro, A.C.
245 1 _aCarotenogênese em células de Haematococcus pluvialis induzidas pelos estresses luminoso e nutricional
650 _aMICROALGA
650 _aCAROTENO
650 _aPIGMENTO
773 0 _tPesquisa Agropecuária Brasileira (Brazil)
_xISSN 0100-204X
_g(Aug 2013), v. 48(8) p. 825-832
_wBR2014000377
909 _a202311
_bLúcia
_c55
_dLúcia Elande
942 _2AGRIS
_n0
_cANA
999 _c234692
_d234692